Countries by GDP - Statistics

General Stats
  • This quiz has been taken 18 times
  • The average score is 57 of 204
Answer Stats
GDP (millions) Country % Correct
18,541,395 China
92%
4,603,552 Germany
85%
4,124,450 Japan
85%
28,932,312 United States of America
85%
3,507,706 United Kingdom
77%
2,337,126 Brazil
69%
2,250,972 Canada
69%
3,137,437 France
69%
4,013,336 India
69%
2,343,247 Italy
69%
2,104,694 Russia
69%
1,503,304 Indonesia
62%
2,025,791 Mexico
62%
1,760,947 South Korea
62%
1,656,006 Spain
62%
646,192 Argentina
54%
1,793,012 Australia
54%
1,156,506 Netherlands
54%
543,538 Austria
46%
660,347 Belgium
46%
333,837 Chile
46%
387,034 Colombia
46%
88,092 Croatia
46%
326,119 Czechia
46%
410,023 Denmark
46%
374,214 Egypt
46%
310,203 Finland
46%
251,291 Greece
46%
230,212 Hungary
46%
567,409 Ireland
46%
531,236 Israel
46%
299,390 Kazakhstan
46%
451,265 Malaysia
46%
258,404 New Zealand
46%
502,231 Nigeria
46%
345,016 Pakistan
46%
291,165 Peru
46%
484,435 Philippines
46%
885,340 Poland
46%
301,136 Portugal
46%
1,107,403 Saudi Arabia
46%
88,169 Serbia
46%
536,441 Singapore
46%
386,029 South Africa
46%
631,268 Sweden
46%
943,913 Switzerland
46%
802,958 Taiwan
46%
551,124 Thailand
46%
536,607 United Arab Emirates
46%
98,202 Uzbekistan
46%
478,502 Vietnam
46%
294,043 Algeria
38%
460,324 Bangladesh
38%
29,105 Bosnia and Herzegovina
38%
108,003 Bulgaria
38%
68,064 Burma
38%
45,157 Cambodia
38%
153,064 Cuba
38%
73,805 Democratic Republic of the Congo
38%
210,495 Ethiopia
38%
75,257 Ghana
38%
467,012 Iran
38%
105,606 Kenya
38%
154,400 Morocco
38%
530,203 Norway
38%
110,494 Oman
38%
247,151 Qatar
38%
377,558 Romania
38%
141,032 Slovakia
38%
73,551 Slovenia
38%
74,846 Sri Lanka
38%
54,561 Sudan
38%
81,374 Tanzania
38%
1,114,640 Turkiye
38%
179,664 Ukraine
38%
25,437 Albania
31%
101,329 Angola
31%
70,126 Belarus
31%
49,411 Bolivia
31%
53,217 Cameroon
31%
87,013 Cote d'Ivoire
31%
128,404 Dominican Republic
31%
121,674 Ecuador
31%
43,401 Estonia
31%
111,129 Guatemala
31%
21,491 Guyana
31%
33,361 Iceland
31%
266,046 Iraq
31%
53,604 Jordan
31%
161,306 Kuwait
31%
45,478 Latvia
31%
48,463 Libya
31%
81,189 Lithuania
31%
89,034 Luxembourg
31%
44,211 Nepal
31%
90,215 Panama
31%
31,760 Papua New Guinea
31%
46,442 Paraguay
31%
57,367 Uganda
31%
84,393 Uruguay
31%
131,406 Venezuela
31%
25,414 Armenia
23%
78,840 Azerbaijan
23%
46,878 Bahrain
23%
97,494 Costa Rica
23%
32,897 Georgia
23%
25,459 Guinea
23%
414,593 Hong Kong
23%
55,012 Macau
23%
21,683 Mali
23%
22,157 Mongolia
23%
23,543 Mozambique
23%
29,511 North Korea
23%
35,567 Senegal
23%
55,113 Tunisia
23%
86,128 Turkmenistan
23%
30,117 Zambia
23%
37,595 Zimbabwe
23%
3,907 Andorra
15%
3,307 Belize
15%
21,392 Benin
15%
3,116 Bhutan
15%
21,425 Botswana
15%
15,531 Brunei
15%
18,704 Chad
15%
1,435 Comoros
15%
34,236 Cyprus
15%
713 Dominica
15%
35,340 El Salvador
15%
487 Federated States of Micronesia
15%
5,812 Fiji
15%
1,416 Grenada
15%
24,103 Haiti
15%
38,007 Honduras
15%
20,146 Jamaica
15%
314 Kiribati
15%
13,605 Kyrgyzstan
15%
15,207 Laos
15%
21,802 Lebanon
15%
7,746 Liechtenstein
15%
22,805 Malta
15%
319 Marshall Islands
15%
8,800 Monaco
15%
167 Nauru
15%
18,904 Nicaragua
15%
327 Palau
15%
14,104 Rwanda
15%
1,146 Saint Kitts and Nevis
15%
2,605 Saint Lucia
15%
1,167 Saint Vincent and the Grenadines
15%
1,036 Samoa
15%
2,056 San Marino
15%
774 Sao Tome and Principe
15%
2,231 Seychelles
15%
1,714 Solomon Islands
15%
13,137 Tajikistan
15%
602 Tonga
15%
28,385 Trinidad and Tobago
15%
71 Tuvalu
15%
1,304 Vanuatu
15%
14,406 Bahamas
8%
6,874 Barbados
8%
21,907 Burkina Faso
8%
3,100 Burundi
8%
2,813 Central African Republic
8%
4,916 French Guiana
8%
7,218 Maldives
8%
10,646 Mauritania
8%
16,938 Mauritius
8%
18,396 Moldova
8%
12,805 Namibia
8%
19,035 Niger
8%
118,306 Puerto Rico
8%
15,524 Republic of the Congo
8%
4,597 Sierra Leone
8%
13,093 Somalia
8%
6,606 South Sudan
8%
4,377 Suriname
8%
21,353 Syria
8%
3,467 Timor-Leste
8%
9,905 Togo
8%
14,506 Afghanistan
0%
2,157 Antigua and Barbuda
0%
2,736 Cabo Verde
0%
4,375 Djibouti
0%
10,859 Equatorial Guinea
0%
7,406 Eritrea
0%
5,100 Eswatini
0%
21,056 Gabon
0%
2,717 Gambia
0%
3,014 Greenland
0%
2,202 Guinea-Bissau
0%
11,318 Kosovo
0%
2,402 Lesotho
0%
4,767 Liberia
0%
16,473 Madagascar
0%
11,254 Malawi
0%
8,024 Montenegro
0%
15,897 North Macedonia
0%
18,632 Palestine
0%
576 Svalbard
0%
17,136 Vatican City
0%
1,177 Western Sahara
0%
17,205 Yemen
0%
No matching quizzes found
Score Distribution
Percent of People with Each Score
Percentile by Number Answered
Your Score History
You have not taken this quiz